Fastest Growing Cities in the United States - Statistics

General Stats
  • This quiz has been taken 51 times
  • The average score is 4 of 8
Answer Stats
Percentage Growth Population Rank Answer % Correct
19.93% 947,890 #11 Austin
91%
15.48% 693,000 #19 Denver
72%
15.12% 842,000 #17 Charlotte
66%
15.72% 704,352 #18 Seattle
64%
15.23% 854,000 #16 Fort Worth
47%
16.31% 277,173 #73 Orlando
36%
15.19% 263,016 #78 Durham
21%
25.31% 266,122 #75 Irvine
15%
No matching quizzes found
Score Distribution
Percent of People with Each Score
Percentile by Number Answered
Your Score History
You have not taken this quiz